000 00559nam a2200217Ia 4500
003 OSt
005 20220918201327.0
006 a|||||r|||| 00| 0
007 ta
008 220917b |||||||| |||| 00| 0 eng d
024 _a93,152
037 _cTextual
040 _aARTS
_cARTS
_beng
041 _2eng
_aeng
082 _aV1:71k, K0 (906)
245 0 _aConcise encylopaedia of archaeology
260 _aNA
_bNA
_c1960
650 _aARCHEOLOGY; HISTORY
_91499
942 _hV1:71k, K0 (906)
_cTEXL
_2CC
999 _c216800
_d216800